[Event "GER-ch U16 Girls"]
[Site "Willingen"]
[Date "2017.06.10"]
[Round "9"]
[White "Mundt, Alexandra"]
[Black "Cejda, Cecilia"]
[Result "1-0"]
[WhiteElo "1580"]
[BlackElo "1646"]
[PlyCount "107"]
[EventDate "2017.06.04"]
[EventType "swiss"]
[EventRounds "9"]
[EventCountry "GER"]
[SourceTitle "CBM 178 Extra"]
[Source "ChessBase"]
[SourceDate "2017.06.22"]
[SourceVersion "1"]
[SourceVersionDate "2017.06.22"]
[SourceQuality "1"]

1. e4 c5 2. c3 d6 3. d4 cxd4 4. cxd4 Nf6 5. Nc3 a6 6. a3 e6 7. Nf3 Nc6 8. Be2 Be7 9. h3 Qc7 10. Be3 b5 11. Rc1 Qb7 12. 0-0 0-0 13. Qc2 Rb8 14. Bd3 e5 15. dxe5 Nxe5 16. Nxe5 dxe5 17. f4 Bd6 18. Qf2 exf4 19. Bxf4 Bxf4 20. Qxf4 Qb6+ 21. Kh1 Be6 22. Qg3 Nh5 23. Qe5 g6 24. Rf3 Rbd8 25. g4 Ng7 26. Qg3 Qd6 27. Qg2 Qe5 28. Ne2 Qxb2 29. h4 Qe5 30. Nf4 Qd6 31. Rg1 Qe7 32. Qg3 Ne8 33. g5 Nd6 34. Rg2 Qd7 35. h5 Qe7 36. Qh4 Ne8 37. Rh2 Rd7 38. hxg6 f6 39. gxh7+ Qxh7 40. Qxh7+ Rxh7 41. Rxh7 fxg5 42. Re7 Ba2 43. Rg3 Rxf4 44. Rxe8+ Kf7 45. Re5 Rh4+ 46. Kg2 g4 47. Rc5 Rh6 48. Rxg4 Rd6 49. Rc3 Kf6 50. Kf3 Be6 51. Rg3 Bd7 52. Kf4 Rd4 53. Rg5 Ke6 54. Rg6+ 1-0

[Event "GER-ch U16 Girls"]
[Site "Willingen"]
[Date "2017.06.09"]
[Round "8"]
[White "Cejda, Cecilia"]
[Black "Reitz, Theresa"]
[Result "0-1"]
[WhiteElo "1646"]
[BlackElo "1690"]
[PlyCount "62"]
[EventDate "2017.06.04"]
[EventType "swiss"]
[EventRounds "9"]
[EventCountry "GER"]
[SourceTitle "CBM 178 Extra"]
[Source "ChessBase"]
[SourceDate "2017.06.22"]
[SourceVersion "1"]
[SourceVersionDate "2017.06.22"]
[SourceQuality "1"]

1. e4 c5 2. Nf3 e6 3. d4 cxd4 4. Nxd4 a6 5. Nc3 Qc7 6. Bd3 Nf6 7. Qe2 d6 8. 0-0 b5 9. f4 Nbd7 10. Kh1 Bb7 11. Bd2 Be7 12. Nd1 Rc8 13. Nf2 0-0 14. Rae1 Nc5 15. Qf3 Nfd7 16. Qg3 Bf6 17. Be3 Qd8 18. f5 Bh4 19. Qh3 e5 20. Nf3 Bxf2 21. Bxf2 Nf6 22. Bh4 Ncd7 23. Ng5 h6 24. Nf3 Qc7 25. Nd2 d5 26. c3 Qd6 27. Rf3 dxe4 28. Nxe4 Nxe4 29. Bxe4 Bxe4 30. Rxe4 Nf6 31. Bxf6 Qd1+ 0-1

[Event "GER-ch U16 Girls"]
[Site "Willingen"]
[Date "2017.06.04"]
[Round "1"]
[White "Cejda, Cecilia"]
[Black "Reinecke, Katharina"]
[Result "0-1"]
[WhiteElo "1646"]
[BlackElo "1818"]
[PlyCount "56"]
[EventDate "2017.06.04"]
[EventType "swiss"]
[EventRounds "9"]
[EventCountry "GER"]
[SourceTitle "CBM 178 Extra"]
[Source "ChessBase"]
[SourceDate "2017.06.22"]
[SourceVersion "1"]
[SourceVersionDate "2017.06.22"]
[SourceQuality "1"]

1. e4 c6 2. d4 d5 3. Nc3 dxe4 4. Nxe4 Bf5 5. Ng3 Bg6 6. h4 h6 7. Nf3 e6 8. h5 Bh7 9. Bd3 Bxd3 10. Qxd3 Nf6 11. Ne4 Nxe4 12. Qxe4 Qd5 13. Qe2 Be7 14. Bf4 0-0 15. g4 c5 16. dxc5 Rd8 17. Rg1 Qxc5 18. g5 Qb4+ 19. Bd2 Qxb2 20. Rc1 hxg5 21. Nxg5 Nc6 22. h6 Bxg5 23. Rxg5 g6 24. Rb5 Qa3 25. Rb3 Qc5 26. Qg4 b6 27. Bc3 Nd4 28. Qh4 Nf3+ 0-1

[Event "GER-ch U16 Girls"]
[Site "Willingen"]
[Date "2017.06.04"]
[Round "2"]
[White "Nguyen, Ha Thanh"]
[Black "Cejda, Cecilia"]
[Result "1-0"]
[WhiteElo "1758"]
[BlackElo "1646"]
[PlyCount "55"]
[EventDate "2017.06.04"]
[EventType "swiss"]
[EventRounds "9"]
[EventCountry "GER"]
[SourceTitle "CBM 178 Extra"]
[Source "ChessBase"]
[SourceDate "2017.06.22"]
[SourceVersion "1"]
[SourceVersionDate "2017.06.22"]
[SourceQuality "1"]

1. e4 c5 2. Nf3 d6 3. d4 cxd4 4. Nxd4 Nf6 5. Nc3 a6 6. f3 e6 7. Be3 b5 8. Qd2 Bb7 9. g4 Nfd7 10. h4 Nb6 11. Bd3 N8d7 12. a4 bxa4 13. Nxa4 Nxa4 14. Rxa4 Nc5 15. Ra1 Be7 16. Bf2 0-0 17. g5 Qd7 18. 0-0 f6 19. Bc4 d5 20. exd5 Bxd5 21. Bxd5 Qxd5 22. b4 Nd7 23. Ra5 Qd6 24. c3 Ne5 25. Qa2 Rfc8 26. Nxe6 Nxf3+ 27. Kg2 Rxc3 28. Nd8+ 1-0

[Event "GER-ch U18 Girls"]
[Site "Willingen"]
[Date "2016.05.18"]
[Round "6"]
[White "Schumann, Rabea"]
[Black "Cejda, Cecilia"]
[Result "1-0"]
[WhiteElo "1878"]
[BlackElo "1635"]
[PlyCount "129"]
[EventDate "2016.05.15"]
[EventType "swiss"]
[EventRounds "9"]
[EventCountry "GER"]
[SourceTitle "CBM 172 Extra"]
[Source "ChessBase"]
[SourceDate "2016.06.21"]
[SourceVersion "1"]
[SourceVersionDate "2016.06.21"]
[SourceQuality "1"]

1. c4 e5 2. g3 Nc6 3. Bg2 g6 4. Nc3 Bg7 5. e4 d6 6. Nge2 h5 7. h4 Be6 8. d3 Qd7 9. Be3 Nh6 10. f3 f5 11. Nd5 0-0-0 12. Qd2 fxe4 13. dxe4 Nf7 14. 0-0-0 Kb8 15. Kb1 Ne7 16. Rc1 c6 17. Nxe7 Qxe7 18. Qb4 Qc7 19. Nc3 c5 20. Qa4 Bd7 21. Qc2 Be6 22. b3 a6 23. Rhd1 Rd7 24. Rd2 Nd8 25. Nd5 Bxd5 26. exd5 Bh6 27. Bxh6 Rxh6 28. Rf2 Rg7 29. f4 Nf7 30. Bh3 exf4 31. gxf4 Nd8 32. f5 gxf5 33. Bxf5 Qe7 34. Rf4 Rh8 35. Rcf1 Rf7 36. Qe4 Qxe4+ 37. Bxe4 Rxf4 38. Rxf4 Rg8 39. Bf3 Rg1+ 40. Kb2 Rf1 41. Rf5 Rf2+ 42. Kc3 Rh2 43. Rf4 Rh3 44. Kc2 Rh2+ 45. Kd3 Rh3 46. Ke4 Rh2 47. Bxh5 Rxa2 48. Bg4 Rb2 49. Rf3 b5 50. cxb5 axb5 51. h5 Rh2 52. Rh3 Rxh3 53. Bxh3 Nf7 54. Kf5 c4 55. bxc4 bxc4 56. Kg6 c3 57. Bf5 Ne5+ 58. Kg7 Ng4 59. h6 Nxh6 60. Kxh6 Kc7 61. Kg6 Kb6 62. Kf6 Kb7 63. Ke6 Kc8 64. Kxd6+ Kd8 65. Bc2 1-0

[Event "GER-ch U18 Girls"]
[Site "Willingen"]
[Date "2016.05.17"]
[Round "5"]
[White "Cejda, Cecilia"]
[Black "Eggert, Daniela"]
[Result "1-0"]
[WhiteElo "1635"]
[BlackElo "1688"]
[PlyCount "57"]
[EventDate "2016.05.15"]
[EventType "swiss"]
[EventRounds "9"]
[EventCountry "GER"]
[SourceTitle "CBM 172 Extra"]
[Source "ChessBase"]
[SourceDate "2016.06.21"]
[SourceVersion "1"]
[SourceVersionDate "2016.06.21"]
[SourceQuality "1"]

1. e4 g6 2. d4 Bg7 3. Nc3 d6 4. Be3 a6 5. Qd2 b5 6. h4 h5 7. Nh3 Nd7 8. 0-0-0 Ngf6 9. f3 0-0 10. e5 b4 11. Ne2 Nd5 12. Bh6 a5 13. Bxg7 Kxg7 14. Nef4 N7b6 15. Nxh5+ Kh7 16. c4 bxc3 17. bxc3 Na4 18. Ng5+ Kg8 19. Ne6 fxe6 20. Qh6 Rf7 21. Qxg6+ Kf8 22. Qh6+ Ke8 23. Bb5+ Bd7 24. Qh8+ Rf8 25. Ng7+ Kf7 26. Qh5+ Kxg7 27. Rh3 Rg8 28. Rg3+ Kf8 29. Qh6+ 1-0

[Event "GER-ch U18 Girls"]
[Site "Willingen"]
[Date "2016.05.15"]
[Round "2"]
[White "Cejda, Cecilia"]
[Black "Weis, Olga"]
[Result "0-1"]
[WhiteElo "1635"]
[BlackElo "1902"]
[PlyCount "72"]
[EventDate "2016.05.15"]
[EventType "swiss"]
[EventRounds "9"]
[EventCountry "GER"]
[SourceTitle "CBM 172 Extra"]
[Source "ChessBase"]
[SourceDate "2016.06.21"]
[SourceVersion "1"]
[SourceVersionDate "2016.06.21"]
[SourceQuality "1"]

1. e4 c5 2. Nf3 e6 3. d4 cxd4 4. Nxd4 a6 5. Bd3 Bc5 6. Nb3 Ba7 7. 0-0 Qc7 8. Nc3 Nf6 9. Qe2 d6 10. Kh1 Nbd7 11. f4 b5 12. Bd2 Bb7 13. Rae1 Nc5 14. Rc1 b4 15. Nd1 Ncxe4 16. Bxb4 h5 17. Be1 h4 18. Rf3 h3 19. Ne3 Bxe3 20. Rxe3 hxg2+ 21. Kg1 d5 22. Bxe4 Nxe4 23. Qg4 Qb6 24. Qf3 Nd6 25. Ba5 Qb5 26. Re2 d4 27. Qf2 Qh5 28. h4 Qxh4 29. Qxh4 Rxh4 30. Rce1 Rxf4 31. Nc5 Bd5 32. b3 Rh4 33. Bc7 Nf5 34. Kf2 Ne3 35. Rxe3 dxe3+ 36. Rxe3 Rh1 0-1

[Event "GER-chT U14"]
[Site "Verden"]
[Date "2015.12.29"]
[Round "6.4"]
[White "Cejda, Cecilia"]
[Black "Binner, Jule"]
[Result "1-0"]
[WhiteElo "1553"]
[BlackElo "1393"]
[PlyCount "49"]
[EventDate "2015.12.27"]
[EventType "team-swiss"]
[EventRounds "7"]
[EventCountry "GER"]
[SourceTitle "EXT 2017"]
[Source "ChessBase"]
[SourceDate "2016.10.25"]
[SourceVersion "1"]
[SourceVersionDate "2016.10.25"]
[SourceQuality "1"]
[WhiteTeam "Magdeburg Aufbau Elbe"]
[BlackTeam "Stetten"]
[WhiteTeamCountry "GER"]
[BlackTeamCountry "GER"]

1. e4 c5 2. Nf3 d6 3. d4 cxd4 4. Nxd4 Nf6 5. Nc3 a6 6. f4 e6 7. Bd3 Be7 8. 0-0 Qc7 9. Kh1 b5 10. Qe1 Bb7 11. e5 dxe5 12. fxe5 Nfd7 13. Bf4 Nc6 14. Nxc6 Bxc6 15. Be4 Bxe4 16. Qxe4 0-0 17. Rf3 Nc5 18. Qe2 Rfd8 19. Raf1 Bf8 20. Bg5 Rd7 21. Rh3 g6 22. Bf6 Bg7 23. Qe3 Bf8 24. Rff3 b4 25. Rxh7 1-0

[Event "GER-chT U14"]
[Site "Verden"]
[Date "2015.12.28"]
[Round "4.4"]
[White "Cejda, Cecilia"]
[Black "Bahde, Thiemo"]
[Result "1-0"]
[WhiteElo "1553"]
[BlackElo "1113"]
[PlyCount "77"]
[EventDate "2015.12.27"]
[EventType "team-swiss"]
[EventRounds "7"]
[EventCountry "GER"]
[SourceTitle "EXT 2017"]
[Source "ChessBase"]
[SourceDate "2016.10.25"]
[SourceVersion "1"]
[SourceVersionDate "2016.10.25"]
[SourceQuality "1"]
[WhiteTeam "Magdeburg Aufbau Elbe"]
[BlackTeam "Harksheide"]
[WhiteTeamCountry "GER"]
[BlackTeamCountry "GER"]

1. e4 e5 2. Nf3 Nc6 3. Nc3 Bc5 4. Nxe5 Nxe5 5. d4 Bxd4 6. Qxd4 Nc6 7. Qd1 d6 8. Bc4 Nf6 9. Bg5 h6 10. Bh4 Be6 11. Bxe6 fxe6 12. f4 0-0 13. Qd2 e5 14. f5 Qd7 15. Bxf6 Rxf6 16. Nd5 Rff8 17. 0-0-0 Kh8 18. h4 Ne7 19. Nc3 Rad8 20. g4 Kh7 21. g5 Nxf5 22. exf5 Qxf5 23. gxh6 gxh6 24. Qd3 Qxd3 25. Rxd3 c6 26. Ne4 d5 27. Nc5 Rf7 28. Re1 e4 29. Nxe4 Rf4 30. Ng3 Rd7 31. h5 Rg7 32. Rde3 Rfg4 33. Nf5 Rd7 34. Re7+ Rxe7 35. Rxe7+ Kg8 36. Nxh6+ Kf8 37. Nxg4 Kxe7 38. h6 Kf7 39. h7 1-0

[Event "GER-chT Lands U20"]
[Site "Hannover"]
[Date "2015.10.05"]
[Round "5.7"]
[White "Caliebe, Nanke"]
[Black "Cejda, Cecilia"]
[Result "1/2-1/2"]
[WhiteElo "1506"]
[BlackElo "1646"]
[PlyCount "128"]
[EventDate "2015.10.03"]
[EventType "team-swiss"]
[EventRounds "7"]
[EventCountry "GER"]
[SourceTitle "CBM 168 Extra"]
[Source "ChessBase"]
[SourceDate "2015.10.29"]
[SourceVersion "1"]
[SourceVersionDate "2015.10.29"]
[SourceQuality "1"]
[WhiteTeam "Schleswig Holstein (U20)"]
[BlackTeam "Sachsen Anhalt U20"]
[WhiteTeamCountry "GER"]
[BlackTeamCountry "GER"]

1. d4 Nf6 2. Nf3 g6 3. Bf4 Bg7 4. h3 d5 5. e3 0-0 6. Bd3 c5 7. c3 Nc6 8. 0-0 cxd4 9. exd4 a6 10. Nbd2 b5 11. Nb3 Nd7 12. Re1 Qb6 13. Qe2 Re8 14. Bd6 Bb7 15. Bh2 e5 16. dxe5 Ndxe5 17. Nxe5 Nxe5 18. Bc2 Qd8 19. Nc5 Bc6 20. Bxe5 Bxe5 21. Qd2 Qd6 22. Nb3 Bf4 23. Qd4 Be5 24. Qd2 Re7 25. Rad1 Rae8 26. Kf1 Bf4 27. Qd4 Rxe1+ 28. Rxe1 Rxe1+ 29. Kxe1 Be5 30. Qb6 Bd7 31. Qxd6 Bxd6 32. Ke2 Kg7 33. Ke3 Be5 34. Nc5 Bc8 35. Bb3 b4 36. Nd3 bxc3 37. Nxe5 cxb2 38. Bc2 Bf5 39. Kd2 b1Q 40. Bxb1 Bxb1 41. a3 Be4 42. f3 Bf5 43. Ke3 Kf6 44. Kd4 Be6 45. Nc6 Kf5 46. g3 Kf6 47. h4 Bh3 48. Kxd5 Bg2 49. Ke4 h6 50. Nb4 Bf1 51. Kd4 g5 52. hxg5+ hxg5 53. Kc5 Be2 54. Kd4 Bxf3 55. Nxa6 Kf5 56. Ke3 Kg4 57. Kf2 f5 58. a4 f4 59. gxf4 Kxf4 60. Nc5 Bc6 61. a5 Bb5 62. Ne6+ Ke5 63. Nxg5 Kd6 64. Ke3 Ba6 1/2-1/2

[Event "GER-chT Lands U20"]
[Site "Hannover"]
[Date "2014.10.06"]
[Round "6.7"]
[White "Cejda, Cecilia"]
[Black "Ehmann, Johanna"]
[Result "1/2-1/2"]
[WhiteElo "1662"]
[BlackElo "1517"]
[PlyCount "75"]
[EventDate "2014.10.03"]
[EventType "team-swiss"]
[EventRounds "7"]
[EventCountry "GER"]
[SourceTitle "CBM 162 Extra"]
[Source "ChessBase"]
[SourceDate "2014.10.17"]
[SourceVersion "1"]
[SourceVersionDate "2014.10.17"]
[SourceQuality "1"]
[WhiteTeam "Sachsen Anhalt"]
[BlackTeam "Baden II"]
[WhiteTeamCountry "GER"]
[BlackTeamCountry "GER"]

1. e4 e5 2. Nf3 Nc6 3. Nc3 Nf6 4. d4 exd4 5. Nxd4 Bc5 6. Nxc6 bxc6 7. Bd3 d5 8. exd5 cxd5 9. 0-0 0-0 10. Bg5 c6 11. Na4 Bd6 12. c4 Be6 13. cxd5 Bxd5 14. Nc3 Be5 15. Nxd5 cxd5 16. Rb1 Qd6 17. Bxf6 Qxf6 18. Qh5 h6 19. Qf5 Qxf5 20. Bxf5 a5 21. Rfd1 d4 22. Rbc1 g6 23. Be4 Rac8 24. g3 Rfd8 25. Rxc8 Rxc8 26. Kf1 d3 27. Rxd3 Bxb2 28. Rb3 Rc1+ 29. Kg2 Bd4 30. Bd5 Rc5 31. Rb8+ Kg7 32. Bb3 Rf5 33. f3 Re5 34. Rc8 Re2+ 35. Kh3 Bg1 36. Rc2 Rxc2 37. Bxc2 f5 38. Kg2 1/2-1/2

[Event "GER-chT Lands U20"]
[Site "Hannover"]
[Date "2014.10.05"]
[Round "4.7"]
[White "Gericke, Nicholas"]
[Black "Cejda, Cecilia"]
[Result "1-0"]
[WhiteElo "1606"]
[BlackElo "1662"]
[PlyCount "57"]
[EventDate "2014.10.03"]
[EventType "team-swiss"]
[EventRounds "7"]
[EventCountry "GER"]
[SourceTitle "CBM 162 Extra"]
[Source "ChessBase"]
[SourceDate "2014.10.17"]
[SourceVersion "1"]
[SourceVersionDate "2014.10.17"]
[SourceQuality "1"]
[WhiteTeam "Brandenburg"]
[BlackTeam "Sachsen Anhalt"]
[WhiteTeamCountry "GER"]
[BlackTeamCountry "GER"]

1. e4 c5 2. Nf3 d6 3. d4 cxd4 4. Nxd4 Nf6 5. Nc3 a6 6. Bc4 e6 7. Bb3 b5 8. f4 b4 9. Na4 Nxe4 10. 0-0 d5 11. Be3 Nd7 12. f5 Ndc5 13. fxe6 fxe6 14. Qf3 Qf6 15. Qe2 Qd8 16. Bf4 Bd7 17. Nxc5 Bxc5 18. Qh5+ g6 19. Qe5 Rf8 20. Bh6 Rg8 21. Bxd5 Bxd4+ 22. Qxd4 Bb5 23. Qxe4 Qxd5 24. Qxd5 exd5 25. Rae1+ Kd7 26. Rf7+ Kc6 27. Re6+ Kc5 28. Rc7+ Kd4 29. Be3# 1-0

[Event "GER-ch U14 Girls"]
[Site "Magdeburg"]
[Date "2014.06.14"]
[Round "9"]
[White "Reinecke, Katharina"]
[Black "Cejda, Cecilia"]
[Result "1/2-1/2"]
[WhiteElo "1555"]
[BlackElo "1343"]
[PlyCount "75"]
[EventDate "2014.06.08"]
[EventType "swiss"]
[EventRounds "9"]
[EventCountry "GER"]
[SourceTitle "CBM 160 Extra"]
[Source "ChessBase"]
[SourceDate "2014.07.01"]
[SourceVersion "1"]
[SourceVersionDate "2014.07.01"]
[SourceQuality "1"]

1. d4 Nf6 2. c4 g6 3. g3 Bg7 4. Bg2 0-0 5. Nf3 Nc6 6. Nc3 d5 7. 0-0 Bg4 8. cxd5 Nxd5 9. Nxd5 Qxd5 10. Ne5 Qe6 11. Nxg4 Qxg4 12. e3 Qxd1 13. Rxd1 Rad8 14. Bd2 Rd6 15. Rac1 Rc8 16. b3 Nd8 17. Rc2 c6 18. Bh3 Ne6 19. Rdc1 Rcd8 20. Bb4 R6d7 21. Bg2 f5 22. h4 Nc7 23. a4 e5 24. dxe5 Bxe5 25. Bf3 Rd3 26. Bc3 Bxc3 27. Rxc3 Rxc3 28. Rxc3 Na6 29. Be2 Nb4 30. Bc4+ Kg7 31. Kf1 Kf6 32. Ke2 a6 33. Bd3 Nxd3 34. Rxd3 Rxd3 35. Kxd3 Ke5 36. f3 Kd5 37. Kc3 a5 38. b4 1/2-1/2

[Event "GER-ch U14 Girls"]
[Site "Magdeburg"]
[Date "2014.06.11"]
[Round "6"]
[White "Riegel, Arinna"]
[Black "Cejda, Cecilia"]
[Result "1-0"]
[WhiteElo "1576"]
[BlackElo "1343"]
[PlyCount "97"]
[EventDate "2014.06.08"]
[EventType "swiss"]
[EventRounds "9"]
[EventCountry "GER"]
[SourceTitle "CBM 160 Extra"]
[Source "ChessBase"]
[SourceDate "2014.07.01"]
[SourceVersion "1"]
[SourceVersionDate "2014.07.01"]
[SourceQuality "1"]

1. e4 c5 2. Nf3 d6 3. Bb5+ Bd7 4. Bxd7+ Qxd7 5. Nc3 Nf6 6. 0-0 Nc6 7. Re1 e6 8. d4 cxd4 9. Nxd4 Be7 10. Bg5 Nxd4 11. Qxd4 e5 12. Qd3 0-0 13. Rad1 Rfd8 14. Qg3 Nh5 15. Qh4 Bxg5 16. Qxg5 Nf6 17. Rd3 Qg4 18. Qxg4 Nxg4 19. Red1 Nf6 20. Rxd6 Rxd6 21. Rxd6 Rc8 22. f3 Kf8 23. Kf2 Ke7 24. Rd2 Rc6 25. Nb5 a6 26. Nc3 Rb6 27. b3 Rc6 28. Nd5+ Nxd5 29. exd5 Rc5 30. c4 Kd6 31. g4 b5 32. Rc2 bxc4 33. bxc4 Rc7 34. a3 Kc5 35. Ke3 f6 36. Kd3 g6 37. Rb2 f5 38. Re2 Re7 39. h3 Kd6 40. Rb2 Kc5 41. Re2 fxg4 42. hxg4 h5 43. gxh5 gxh5 44. Re4 Kd6 45. f4 h4 46. fxe5+ Rxe5 47. Rxe5 Kxe5 48. Ke3 Kf5 49. Kf3 1-0

[Event "GER-ch U14 Girls"]
[Site "Magdeburg"]
[Date "2014.06.10"]
[Round "5"]
[White "Cejda, Cecilia"]
[Black "Mueller, Sophie Elisabeth"]
[Result "1/2-1/2"]
[WhiteElo "1343"]
[BlackElo "1509"]
[PlyCount "94"]
[EventDate "2014.06.08"]
[EventType "swiss"]
[EventRounds "9"]
[EventCountry "GER"]
[SourceTitle "CBM 160 Extra"]
[Source "ChessBase"]
[SourceDate "2014.07.01"]
[SourceVersion "1"]
[SourceVersionDate "2014.07.01"]
[SourceQuality "1"]

1. e4 c5 2. Nf3 d6 3. d4 cxd4 4. Nxd4 Nf6 5. f3 a6 6. c4 Nc6 7. Nxc6 bxc6 8. Nc3 g6 9. Be2 Bg7 10. Be3 0-0 11. 0-0 Bb7 12. Qd2 Rb8 13. b4 d5 14. cxd5 cxd5 15. e5 Nd7 16. f4 e6 17. Na4 Rc8 18. Bc5 Re8 19. Bd6 Bf8 20. Nc5 Bxd6 21. exd6 Qb6 22. Qd4 Rb8 23. Qf2 Qxd6 24. Nxb7 Rxb7 25. a3 Rc8 26. Rac1 Rbc7 27. Rxc7 Rxc7 28. Qe3 Qc6 29. Qd3 Nb8 30. Ra1 Qc3 31. Qxc3 Rxc3 32. a4 Kg7 33. b5 axb5 34. Bxb5 Nc6 35. Bxc6 Rxc6 36. a5 Ra6 37. Kf2 Kf8 38. Ke3 Ke7 39. Kd4 Kd6 40. h4 f6 41. g4 e5+ 42. fxe5+ fxe5+ 43. Kd3 Kc5 44. Rc1+ Kb5 45. Re1 Rxa5 46. Rxe5 Ra3+ 47. Ke2 Ra7 1/2-1/2

[Event "GER-ch U14 Girls"]
[Site "Magdeburg"]
[Date "2014.06.10"]
[Round "4"]
[White "Sanati, Charlotte"]
[Black "Cejda, Cecilia"]
[Result "1-0"]
[WhiteElo "1757"]
[BlackElo "1343"]
[PlyCount "67"]
[EventDate "2014.06.08"]
[EventType "swiss"]
[EventRounds "9"]
[EventCountry "GER"]
[SourceTitle "CBM 160 Extra"]
[Source "ChessBase"]
[SourceDate "2014.07.01"]
[SourceVersion "1"]
[SourceVersionDate "2014.07.01"]
[SourceQuality "1"]

1. e4 c5 2. Nf3 d6 3. d4 cxd4 4. Nxd4 Nf6 5. Nc3 e6 6. Bc4 a6 7. Bb3 b5 8. f3 Bb7 9. 0-0 Nbd7 10. Kh1 Nc5 11. Be3 Be7 12. a3 Nxb3 13. Nxb3 0-0 14. Qe1 Nh5 15. Rd1 Qc7 16. Qf2 f5 17. Bb6 Qc8 18. exf5 Rxf5 19. Na5 Nf6 20. Qe2 Re5 21. Qd2 Nd5 22. Nxb7 Qxb7 23. Bd4 Nxc3 24. Bxc3 Rd5 25. Qe3 e5 26. Rfe1 Rxd1 27. Rxd1 Rd8 28. Ba5 Rd7 29. f4 Qa7 30. Qb3+ Kf8 31. fxe5 dxe5 32. Rf1+ Bf6 33. Bb4+ Ke8 34. Qg8# 1-0

[Event "GER-chT Lands U20"]
[Site "Hannover"]
[Date "2013.10.06"]
[Round "7.7"]
[White "Cejda, Cecilia"]
[Black "Laubrock, Paul"]
[Result "0-1"]
[WhiteElo "1400"]
[BlackElo "1830"]
[PlyCount "92"]
[EventDate "2013.10.02"]
[EventType "team-swiss"]
[EventRounds "7"]
[EventCountry "GER"]
[SourceTitle "EXT 2014"]
[Source "ChessBase"]
[SourceDate "2013.11.20"]
[SourceVersion "1"]
[SourceVersionDate "2013.11.20"]
[SourceQuality "1"]
[WhiteTeam "Sachsen Anhalt"]
[BlackTeam "Niedersachsen"]
[WhiteTeamCountry "GER"]
[BlackTeamCountry "GER"]

1. e4 e6 2. d4 d5 3. Nd2 Nf6 4. e5 Nfd7 5. Ngf3 c5 6. c3 Nc6 7. Be2 cxd4 8. cxd4 f6 9. exf6 Qxf6 10. Nf1 h6 11. Ng3 Bd6 12. 0-0 0-0 13. Nh5 Qf7 14. Ng3 Re8 15. Re1 Nf6 16. Bd3 e5 17. Nf5 Bxf5 18. Bxf5 e4 19. Nh4 Ne7 20. Bh3 Rf8 21. f3 Qh5 22. fxe4 Qxh4 23. e5 Bb4 24. Be6+ Kh8 25. g3 Qh5 26. exf6 Qxd1 27. fxg7+ Kxg7 28. Rxd1 Rf6 29. Bh3 Raf8 30. Bf4 Ng6 31. Be5 Nxe5 32. dxe5 Rf2 33. Rxd5 Rxb2 34. Rb5 b6 35. Kh1 Rff2 36. e6 Rxh2+ 37. Kg1 Bc5+ 38. Rxc5 bxc5 39. e7 Rhe2 40. Rc1 Rxe7 41. Rxc5 Rxa2 42. g4 Re1+ 43. Bf1 Raa1 44. Rf5 Rxf1+ 45. Rxf1 Rxf1+ 46. Kxf1 Kg6 0-1

[Event "GER-chT Lands U20"]
[Site "Hannover"]
[Date "2013.10.04"]
[Round "4.7"]
[White "Rosmait, Emily"]
[Black "Cejda, Cecilia"]
[Result "1-0"]
[WhiteElo "1743"]
[BlackElo "1400"]
[PlyCount "77"]
[EventDate "2013.10.02"]
[EventType "team-swiss"]
[EventRounds "7"]
[EventCountry "GER"]
[SourceTitle "EXT 2014"]
[Source "ChessBase"]
[SourceDate "2013.11.20"]
[SourceVersion "1"]
[SourceVersionDate "2013.11.20"]
[SourceQuality "1"]
[WhiteTeam "Schleswig Holstein"]
[BlackTeam "Sachsen Anhalt"]
[WhiteTeamCountry "GER"]
[BlackTeamCountry "GER"]

1. e4 c5 2. Nf3 d6 3. Bb5+ Nd7 4. 0-0 e6 5. d4 a6 6. Bxd7+ Bxd7 7. dxc5 dxc5 8. e5 Bb5 9. Re1 Qxd1 10. Rxd1 Be7 11. Nc3 Bc6 12. Ng5 h6 13. Nge4 f6 14. Be3 b6 15. Nd6+ Kf8 16. f4 h5 17. Nc4 Rb8 18. Rd2 Nh6 19. a4 b5 20. axb5 axb5 21. Nd6 c4 22. Ncxb5 Bxb5 23. Nxb5 Ng4 24. Bf2 Kf7 25. Nd6+ Kg6 26. Nxc4 Ra8 27. Rad1 fxe5 28. Nxe5+ Nxe5 29. fxe5 Bg5 30. Rd6 Kf5 31. h3 Ra2 32. Bd4 Be7 33. Rd7 Re8 34. Kh1 g5 35. Rf1+ Kg6 36. Bc5 Bd8 37. Ba3 h4 38. c4 Bb6 39. Rf6+ 1-0

[Event "GER-ch U12"]
[Site "Oberhof"]
[Date "2013.05.19"]
[Round "1"]
[White "Cejda, Cecilia"]
[Black "Wiesner, Alexander"]
[Result "1/2-1/2"]
[WhiteElo "1335"]
[BlackElo "1658"]
[PlyCount "137"]
[EventDate "2013.05.19"]
[EventType "swiss"]
[EventRounds "11"]
[EventCountry "GER"]
[SourceTitle "CBM 154 Extra"]
[Source "ChessBase"]
[SourceDate "2013.06.25"]
[SourceVersion "2"]
[SourceVersionDate "2013.06.25"]
[SourceQuality "1"]

1. e4 c5 2. Nf3 Nc6 3. d4 cxd4 4. Nxd4 Nf6 5. Nc3 e5 6. Ndb5 d6 7. Bg5 a6 8. Na3 b5 9. Nab1 Be7 10. Bd3 h6 11. Bh4 Be6 12. Nd2 d5 13. exd5 Nxd5 14. Bxe7 Ncxe7 15. Nxd5 Nxd5 16. 0-0 Nf4 17. Be4 Rc8 18. Nf3 Qc7 19. c3 f5 20. Bc2 Rd8 21. Qb1 Ne2+ 22. Kh1 e4 23. Ng1 Nf4 24. Rd1 0-0 25. Rxd8 Qxd8 26. Qe1 Qg5 27. g3 Ng6 28. f4 Qe7 29. Bd1 Rd8 30. Be2 Bd5 31. b3 Qb7 32. Qf1 Ne7 33. Rb1 e3+ 34. Nf3 Be4 35. Rd1 Rd2 36. Rxd2 exd2 37. Kg1 Qd7 38. Qd1 Bxf3 39. Bxf3 Qd3 40. c4 bxc4 41. bxc4 Qc3 42. Qe2 Kf7 43. Kf1 Qa1+ 44. Qd1 Qxa2 45. Be2 Nc6 46. c5 Nd4 47. Bd3 Qb2 48. Bxa6 Qc1 49. Be2 Nb5 50. Kf2 Nc3 51. Qb3+ Kg6 52. Qe6+ Kh7 53. Qxf5+ Kg8 54. Bc4+ Kh8 55. Qf8+ Kh7 56. Bd3+ g6 57. Qf7+ Kh8 58. Qe8+ Kg7 59. Qxg6+ Kf8 60. Qxh6+ Kf7 61. Bc4+ Ke7 62. Qe6+ Kd8 63. Qf6+ Kd7 64. Qe6+ Kd8 65. Qf6+ Kc8 66. Be6+ Kc7 67. Qe7+ Kc6 68. Bd7+ Kd5 69. Be6+ 1/2-1/2

[Event "GER-ch U12"]
[Site "Oberhof"]
[Date "2013.05.19"]
[Round "2"]
[White "Poghosyan, Tigran"]
[Black "Cejda, Cecilia"]
[Result "1/2-1/2"]
[WhiteElo "1945"]
[BlackElo "1335"]
[PlyCount "63"]
[EventDate "2013.05.19"]
[EventType "swiss"]
[EventRounds "11"]
[EventCountry "GER"]
[SourceTitle "CBM 154 Extra"]
[Source "ChessBase"]
[SourceDate "2013.06.25"]
[SourceVersion "2"]
[SourceVersionDate "2013.06.25"]
[SourceQuality "1"]

1. e4 c5 2. Nf3 d6 3. d4 cxd4 4. Qxd4 a6 5. c4 Nc6 6. Qd2 Nf6 7. Nc3 g6 8. b3 Bg7 9. Bb2 0-0 10. Be2 Bg4 11. 0-0 Rc8 12. h3 Bd7 13. Rad1 Qc7 14. c5 dxc5 15. e5 Nxe5 16. Nxe5 Qxe5 17. Nb1 Qd6 18. Qxd6 exd6 19. Bxf6 Bxf6 20. Rxd6 Be6 21. Bf3 Be5 22. Rb6 c4 23. bxc4 Bxc4 24. Rd1 Bxa2 25. Rxb7 Rb8 26. Na3 Rxb7 27. Bxb7 a5 28. Bd5 Bxd5 29. Rxd5 Bc7 30. Rc5 Bb6 31. Rb5 Bc7 32. Rc5 1/2-1/2